| 000 | 00737nam a22002537a 4500 | ||
|---|---|---|---|
| 001 | 21167 | ||
| 003 | UA-OsUOA | ||
| 005 | 20210509195446.0 | ||
| 007 | ta | ||
| 008 | 20031120b un ||||| |||| 00| 0 ukr d | ||
| 040 |
_aUA-OsUOA _bukr _cUA-OsUOA _dUA-OsUOA |
||
| 041 | _aukr | ||
| 044 | _aUA | ||
| 080 | _a94 (477).094 | ||
| 090 |
_a94 (477).094 _bК53 |
||
| 100 | _aКниш З. | ||
| 245 |
_aДрижить підземний гук: спогади з 1930 і 1931 років у Галичині _bдо 25-ліття ОУН |
||
| 260 |
_aВінніпег _c1953 |
||
| 300 |
_a338 с. _bІлюстрації |
||
| 650 | 7 | _2UDC | |
| 942 |
_cBK _2udc |
||
| 955 | _a0 | ||
| 999 |
_c307360 _d307360 |
||